| 000 | 00576nam a2200205Ia 4500 | ||
|---|---|---|---|
| 003 | GCL | ||
| 008 | 140319s9999 xx 000 0 ara d | ||
| 040 |
_aGCL / _cGCL |
||
| 082 | 0 | 4 |
_aق _b398.19 _bم ق |
| 100 | 1 | _aحسن ظاظا | |
| 245 | 1 | 0 |
_aقصة الموال دراسة تاريخية ادبية / _cحسن ظاظا |
| 700 | 1 | _aميلاد واصف | |
| 300 | _a89 ص | ||
| 490 |
_aكتب ثقافية _v0 |
||
| 650 | 0 | 4 | _aالفولكلور |
| 650 | 0 | 4 | _aالادب الشعبى |
| 650 | 0 | 4 | _aالشعر القصصى |
| 650 | 0 | 4 | _aالموال |
| 942 |
_2ddc _cBK |
||
| 999 |
_c38320 _d38320 |
||